Perspectivas de la revolución nicaragüense /
محفوظ في:
| المؤلف الرئيسي: | |
|---|---|
| التنسيق: | نص |
| الوسوم: |
إضافة وسم
لا توجد وسوم, كن أول من يضع وسما على هذه التسجيلة!
|
MARC
| LEADER | 00000 a a2200000 04500 | ||
|---|---|---|---|
| 001 | 2633 | ||
| 003 | |||
| 040 | |||
| 100 | |a Pavletich, Esteban | ||
| 245 | |a Perspectivas de la revolución nicaragüense / |c Esteban Pavletich | ||
| 773 | |g número 117; páginas 94-96 | ||
| 999 | |c 37120 |d 37120 | ||
